000 01040cam a2200289 a 4500
999 _c329837
_d329837
001 13974224
003 NUST
005 20170523141405.0
008 050519r20041911pk abf 000 0 eng
010 _a 2005309244
020 _a9693516303
025 _aP-E-2005309244; 17
040 _aDLC
_cDLC
042 _alcode
043 _aa-ii---
050 0 0 _aDS478
_b.H49 2004
082 _a954HIL
100 1 _aHilton, Edward H.
_91352
245 1 4 _aThe mutiny records :
_bOudh and Lucknow, 1856-57 /
_cEdward H. Hilton.
260 _aLahore :
_bSang-e-Meel Publications,
_c2004.
300 _a292 p., [12] leaves of plates :
_bill., map ;
_c25 cm.
500 _aReprint. Originally published: Lucknow, 1911.
600 1 0 _aHilton, Edward H.
_91352
650 0 _aLucknow (India)
_xHistory
_ySiege, 1857
_vPersonal narratives.
_91353
651 0 _aLucknow (India)
_xDescription and travel.
_91354
906 _a7
_bcbc
_corigode
_d3
_encip
_f20
_gy-gencatlg
942 _2ddc
_cBK